|
|
|
|
| LEADER |
00883nam a2200253 a 4500 |
| 001 |
c000007725 |
| 003 |
CARM |
| 005 |
00000000000000.0 |
| 008 |
s1952 nyu 00110 eng d |
| 019 |
1 |
|
|a 4165980
|5 LACONCORD2021
|
| 035 |
|
|
|a (OCoLC)528741
|5 LACONCORD2021
|
| 040 |
|
|
|d VBX
|
| 100 |
1 |
|
|a Maxwell, James Clerk,
|d 1831-1879.
|
| 245 |
1 |
0 |
|a Matter and motion /
|c by J.C. Maxwell ; with notes and appendices by Sir J. Larmor.
|
| 260 |
|
|
|a New York :
|b Dover,
|c 1952.
|
| 300 |
|
|
|a 163 p. ;
|c 23 cm.
|
| 500 |
|
|
|a Includes index.
|
| 650 |
|
0 |
|a Motion.
|
| 650 |
|
0 |
|a Force and energy.
|
| 700 |
1 |
|
|a Larmor, Joseph,
|c Sir.
|
| 852 |
8 |
|
|b CARM
|h A2:AG01A0
|i B01855
|p 0080962
|f BK
|
| 082 |
0 |
4 |
|a 531.1
|
| 999 |
f |
f |
|i 7b97957e-dc35-536f-b142-2554665b8bca
|s cb5ae377-d66b-5c9d-966a-3b6e0b052913
|
| 952 |
f |
f |
|p Can circulate
|a CAVAL
|b CAVAL
|c CAVAL
|d CARM 1 Store
|e B01855
|f A2:AG01A0
|h Other scheme
|i book
|m 0080962
|